LEADER 00986nam0-2200373-i-450- 001 990008812020403321 005 20090223124935.0 010 $a978-3-540-69364-2 035 $a000881202 035 $aFED01000881202 035 $a(Aleph)000881202FED01 035 $a000881202 100 $a20090223d2009----km-y0itay50------ba 101 0 $aeng 102 $aDE 105 $aa---a---101yy 200 1 $aQuantum potential theory$fU. Franz, M. Schurmann 210 $aBerlin$cSpringer$dc2008 215 $d24 cm 225 1 $aLecture Notes in Mathematics$v1954 610 0 $aTeoria dei quanti 610 0 $aProbabilità 676 $a530.12$v21$zita 700 1$aFranz,$bUwe$0270472 701 1$aSchürmann,$bMichael$0441096 801 0$aIT$bUNINA$gRICA$2UNIMARC 901 $aBK 912 $a990008812020403321 952 $aC-20-(1954$b23557$fMA1 959 $aMA1 962 $a81-06 962 $a60-06 996 $aQuantum potential theory$9807738 997 $aUNINA LEADER 01272nam2-2200373---450 001 990001910990203316 005 20210208112028.0 035 $a000191099 035 $aUSA01000191099 035 $a(ALEPH)000191099USA01 035 $a000191099 100 $a20040805d1959----km-y0itay0103----ba 101 $aita 102 $aIT 105 $a||||||||001yy 200 1 $a1. : <> crisi del vecchio ordine$e1919-1933$fArthur M. Schlesinger$g[traduzione di Giorgio Polla] 210 $aBologna$cIl Mulino$d1959 215 $aXII, 516 p.$d23 cm 225 2 $aCollezione di storia americana 410 0$12001$aCollezione di storia americana 454 1$12001$a<> crisis of the old order$e1919-1933$929934 461 1$1001000191080$12001$a<>età di Roosevelt 676 $a973 700 1$aSCHLESINGER,$bArthur Meier$0118273 702 1$aPOLLA,$bGiorgio 801 0$aIT$bsalbc$gISBD 912 $a990001910990203316 951 $aX.3. Coll. 2/ 1/1(III E coll 8/2 I)$b62897 L.M.$cIII E coll 951 $aX.3. Coll. 2/ 1/1b(III E coll 8/2 I bis)$b31685 L.M.$cIII E coll 951 $aX.3. Coll. 2/ 1/1a(III E coll 8/2 I bis)$b72844 L.M.$cIII E COLL. 959 $aBK 969 $aUMA 996 $aCrisis of the old order$929934 997 $aUNISA LEADER 00996nam0-22002651i-450 001 990005640450403321 005 20221026120200.0 035 $a000564045 100 $a19990530g18851886km-y0itay50------ba 101 0 $afre 105 $ay-------001yy 200 1 $aDescription historique et chronologiques des monnaies de la Rèpublique romaine vulgairement appelées monnaies consulaires$fpar Ernest Babelon 210 $aParis$aLondres$cRollin et Feuardent$cMeme maison$d1885-1886 215 $a2 v.$d25 cm 327 $a1.: Tome premier$aTome deuxieme 676 $a737.493 700 1$aBabelon,$bErnest$f<1854-1924>$0207134 801 0$aIT$bUNINA$gRICA$2UNIMARC 901 $aBK 912 $a990005640450403321 952 $a737.493 BAB 02 (1)$bARCH. 77$fFLFBC 952 $a737.493 BAB 02 (2)$bARCH. 77$fFLFBC 959 $aFLFBC 996 $aDescription historique et chronologiques des monnaies de la Rèpublique romaine vulgairement appelèes monnaies consulaires$9605051 997 $aUNINA LEADER 01340nam 2200421 450 001 9910155025103321 005 20140714114748.0 010 $a1-62081-309-2 035 $a(CKB)3710000000972914 035 $a(MiAaPQ)EBC4775195 035 $a(EXLCZ)993710000000972914 100 $a20170117h20132013 uy 0 101 0 $aeng 135 $aurcnu|||||||| 181 $2rdacontent 182 $2rdamedia 183 $2rdacarrier 200 00$aBiochemistry researcher biographical sketches and research summaries /$fJames T. Walker and Catherine M. Jones, editors 210 1$aNew York, [New York] :$cNova Biomedical,$d2013. 210 4$d©2013 215 $a1 online resource (529 pages) 225 1 $aBiochemistry Research Trends 311 $a1-62081-308-4 410 0$aBiochemistry research trends series. 606 $aBiochemistry$xResearch$vAbstracts 606 $aBiochemistry$vBio-bibliography 615 0$aBiochemistry$xResearch 615 0$aBiochemistry 676 $a572.025 702 $aWalker$b James T.$f1962- 702 $aJones$b Catherine M$g(Catherine Marie),$f1976- 801 0$bMiAaPQ 801 1$bMiAaPQ 801 2$bMiAaPQ 906 $aBOOK 912 $a9910155025103321 996 $aBiochemistry researcher biographical sketches and research summaries$92879077 997 $aUNINA